Loading...

Irunda Velicham

Bibliographic Details
Main Author: Joseph ,Abraham
Format: Printed Book
Language:Malayalam
Published: Sahithya Pravarthaka Co. Sahithya Pravarthaka Co. 1975
LEADER 00435nam a2200121Ia 4500
008 111205s9999 xx 000 0 mal d
100 |a Joseph ,Abraham 
245 |a Irunda Velicham  |c Joseph ,Abraham 
260 |b Sahithya Pravarthaka Co.  |a Sahithya Pravarthaka Co.  |c 1975 
300 |a 84 
942 |c BK 
999 |c 220655  |d 220655 
952 |0 0  |1 0  |2 ddc  |4 0  |6 S_8R2  |7 0  |9 243683  |a MAL  |b MAL  |c SEC  |d 2011-12-05  |g 4.00  |l 0  |o S8R2  |p MAL14811  |r 2011-12-05  |v 4.00  |w 2011-12-05  |y BK